[Event "Santa Barbara op"]
[Site "Santa Barbara"]
[Date "2023.03.04"]
[Round "6"]
[White "Bolanos Arguello, Alexis"]
[Black "Espinoza Guerrero, Warner"]
[Result "1-0"]
[WhiteElo "1574"]
[BlackElo "1797"]
[PlyCount "73"]
[EventDate "2023.01.28"]
[EventType "swiss"]
[EventRounds "6"]
[EventCountry "CRI"]
[SourceTitle "CBM 213 Extra"]
[Source "ChessBase"]
[SourceDate "2023.05.31"]
[SourceVersion "1"]
[SourceVersionDate "2023.05.31"]
[SourceQuality "1"]

1. e4 e6 2. d4 d5 3. Nc3 Nf6 4. Bg5 Be7 5. e5 Nfd7 6. h4 a6 7. Qg4 Bxg5 8. hxg5 g6 9. Nh3 c5 10. 0-0-0 Nc6 11. dxc5 Ndxe5 12. Qf4 Qe7 13. b4 Bd7 14. Be2 Rc8 15. a3 0-0 16. Qh2 f5 17. f4 Ng4 18. Bxg4 fxg4 19. Nf2 g3 20. Qxg3 Rf7 21. Ng4 Rg7 22. Nf6+ Kh8 23. Rhe1 Qf7 24. Na4 Rd8 25. Nb2 Ne7 26. Qc3 Bc6 27. Nc4 Nf5 28. Ne5 Qc7 29. Nxg6+ Rxg6 30. Ne8+ d4 31. Nxc7 dxc3 32. Rxd8+ Kg7 33. Nxe6+ Kf7 34. Rf8+ Ke7 35. Rxf5 Rxe6 36. Rfe5 Rxe5 37. Rxe5+ 1-0

[Event "Santa Barbara op"]
[Site "Santa Barbara"]
[Date "2023.02.25"]
[Round "5"]
[White "Espinoza Guerrero, Warner"]
[Black "Leon Soto, Luis Eduardo"]
[Result "0-1"]
[WhiteElo "1797"]
[BlackElo "1477"]
[PlyCount "34"]
[EventDate "2023.01.28"]
[EventType "swiss"]
[EventRounds "6"]
[EventCountry "CRI"]
[SourceTitle "CBM 213 Extra"]
[Source "ChessBase"]
[SourceDate "2023.05.31"]
[SourceVersion "1"]
[SourceVersionDate "2023.05.31"]
[SourceQuality "1"]

1. d4 Nf6 2. c4 g6 3. Nc3 Bg7 4. e4 d6 5. f4 0-0 6. Nf3 c5 7. d5 e6 8. Be2 exd5 9. exd5 Re8 10. 0-0 Bf5 11. Bd3 Bg4 12. Qc2 Bxf3 13. Rxf3 Ng4 14. h3 Bd4+ 15. Kh1 Re1+ 16. Bf1 Qh4 17. g3 Qxh3+ 0-1

[Event "Santa Barbara op"]
[Site "Santa Barbara"]
[Date "2023.02.11"]
[Round "3"]
[White "Aguero Espinoza, Sebasthian"]
[Black "Espinoza Guerrero, Warner"]
[Result "1-0"]
[WhiteElo "1517"]
[BlackElo "1797"]
[PlyCount "53"]
[EventDate "2023.01.28"]
[EventType "swiss"]
[EventRounds "6"]
[EventCountry "CRI"]
[SourceTitle "CBM 213 Extra"]
[Source "ChessBase"]
[SourceDate "2023.05.31"]
[SourceVersion "1"]
[SourceVersionDate "2023.05.31"]
[SourceQuality "1"]

1. e4 e6 2. d4 d5 3. Nc3 Nf6 4. e5 Nfd7 5. f4 c5 6. Nf3 Nc6 7. Be3 Qb6 8. Na4 Qa5+ 9. c3 c4 10. b4 Qd8 11. Be2 b5 12. Nc5 Nxc5 13. dxc5 Bb7 14. 0-0 g6 15. a3 Bg7 16. Qd2 0-0 17. Ng5 Qd7 18. Ne4 a6 19. Nf6+ Bxf6 20. exf6 Qd8 21. Bd4 Nxd4 22. Qxd4 Re8 23. Rf3 Qc7 24. f5 exf5 25. Qh4 Qe5 26. Rh3 h5 27. Bxh5 1-0

[Event "Balmaceda Segura Memorial op"]
[Site "Santa Barbara de Heredia"]
[Date "2022.05.21"]
[Round "1"]
[White "Espinoza Guerrero, Warner"]
[Black "Garro Cordero, Felipe"]
[Result "1/2-1/2"]
[WhiteElo "1825"]
[BlackElo "1320"]
[PlyCount "40"]
[EventDate "2022.05.21"]
[EventType "swiss"]
[EventRounds "6"]
[EventCountry "CRI"]
[SourceTitle "EXT 2024"]
[Source "ChessBase"]
[SourceDate "2023.10.10"]
[SourceVersion "1"]
[SourceVersionDate "2023.10.10"]
[SourceQuality "1"]

1. d4 Nf6 2. c4 g6 3. Nc3 d5 4. Nf3 Bg7 5. Bf4 0-0 6. cxd5 Nxd5 7. Nxd5 Qxd5 8. Bxc7 Bg4 9. Ne5 Na6 10. f3 Nxc7 11. Nxg4 Bxd4 12. Rc1 Bxb2 13. Rxc7 Qa5+ 14. Qd2 Qxc7 15. Qxb2 h5 16. Ne5 Rfd8 17. e3 Qa5+ 18. Ke2 Rac8 19. Nd3 Qa4 20. Qb3 Qa5 1/2-1/2

[Event "CRI-ch qual"]
[Site "San Jose"]
[Date "2005.06.25"]
[Round "9"]
[White "Espinoza Guerrero, Warner"]
[Black "Murillo Arguedas, Jaime"]
[Result "1/2-1/2"]
[WhiteElo "2014"]
[BlackElo "2009"]
[PlyCount "24"]
[EventDate "2005.06.??"]
[EventType "swiss"]
[EventRounds "9"]
[EventCountry "CRI"]
[SourceTitle "EXT 2006"]
[Source "ChessBase"]
[SourceDate "2005.11.24"]
[SourceVersion "1"]
[SourceVersionDate "2005.11.24"]
[SourceQuality "1"]

1. d4 Nf6 2. c4 g6 3. Nc3 Bg7 4. e4 d6 5. f4 0-0 6. Nf3 c5 7. d5 e6 8. Be2 exd5 9. cxd5 Bg4 10. 0-0 Nbd7 11. h3 Bxf3 12. Bxf3 Re8 1/2-1/2

[Event "CRI-ch qual"]
[Site "San Jose"]
[Date "2005.06.22"]
[Round "8"]
[White "Villalobos, Leon Erick"]
[Black "Espinoza Guerrero, Warner"]
[Result "1/2-1/2"]
[WhiteElo "2000"]
[BlackElo "2014"]
[PlyCount "55"]
[EventDate "2005.06.??"]
[EventType "swiss"]
[EventRounds "9"]
[EventCountry "CRI"]
[SourceTitle "EXT 2006"]
[Source "ChessBase"]
[SourceDate "2005.11.24"]
[SourceVersion "1"]
[SourceVersionDate "2005.11.24"]
[SourceQuality "1"]

1. d4 Nf6 2. c4 g6 3. Nc3 d5 4. cxd5 Nxd5 5. e4 Nxc3 6. bxc3 c5 7. Bc4 Bg7 8. Ne2 0-0 9. 0-0 Nc6 10. Be3 Bd7 11. Qd2 Qc7 12. Rac1 Rfd8 13. Rfd1 Na5 14. Bd3 Ba4 15. Re1 Qd7 16. d5 c4 17. Bc2 e6 18. Red1 Bxc2 19. Qxc2 exd5 20. Rxd5 Qc7 21. Rcd1 Nc6 22. Qa4 Ne5 23. Rxd8+ Rxd8 24. Rxd8+ Qxd8 25. Bd4 a6 26. f4 Ng4 27. Qxc4 Bxd4+ 28. Qxd4 1/2-1/2

[Event "CRI-ch qual"]
[Site "San Jose"]
[Date "2005.06.16"]
[Round "5"]
[White "Ramirez Quesada, Franklin"]
[Black "Espinoza Guerrero, Warner"]
[Result "1-0"]
[WhiteElo "2000"]
[BlackElo "2014"]
[PlyCount "51"]
[EventDate "2005.06.??"]
[EventType "swiss"]
[EventRounds "9"]
[EventCountry "CRI"]
[SourceTitle "EXT 2006"]
[Source "ChessBase"]
[SourceDate "2005.11.24"]
[SourceVersion "1"]
[SourceVersionDate "2005.11.24"]
[SourceQuality "1"]

1. e4 c6 2. d4 d5 3. exd5 cxd5 4. Nf3 Bg4 5. Be2 Nc6 6. Nbd2 Nf6 7. 0-0 e6 8. Nb3 Bd6 9. Bg5 Qc7 10. h3 h5 11. Rc1 Ne4 12. Be3 f6 13. c4 g5 14. Nbd2 Bxf3 15. Bxf3 Nxd2 16. Bxh5+ Kd7 17. Bxd2 Rag8 18. cxd5 exd5 19. Bg4+ Kd8 20. Qf3 Qf7 21. Rce1 Re8 22. Rxe8+ Kxe8 23. Re1+ Kf8 24. Be6 Nxd4 25. Qxd5 Nxe6 26. Qxd6+ 1-0

[Event "CRI-ch qual"]
[Site "San Jose"]
[Date "2005.06.15"]
[Round "4"]
[White "Espinoza Guerrero, Warner"]
[Black "Alfaro Murillo, Carlos Andres"]
[Result "0-1"]
[WhiteElo "2014"]
[BlackElo "2058"]
[PlyCount "52"]
[EventDate "2005.06.??"]
[EventType "swiss"]
[EventRounds "9"]
[EventCountry "CRI"]
[SourceTitle "EXT 2006"]
[Source "ChessBase"]
[SourceDate "2005.11.24"]
[SourceVersion "1"]
[SourceVersionDate "2005.11.24"]
[SourceQuality "1"]

1. d4 d5 2. c4 dxc4 3. Qa4+ c6 4. Qxc4 Nf6 5. Nf3 Bf5 6. Nc3 h6 7. Bf4 e6 8. Qb3 Qb6 9. Qxb6 axb6 10. h3 Nbd7 11. g4 Bh7 12. Bg2 b5 13. 0-0 Bb4 14. Rfe1 Nb6 15. Nd2 Nfd5 16. Bg3 Nxc3 17. bxc3 Ba3 18. Rf1 Bb2 19. Rad1 Bc2 20. Rde1 Bxc3 21. Rc1 Rxa2 22. Ne4 Bxe4 23. Bxe4 Bxd4 24. Bd6 Rxe2 25. Bf3 Ra2 26. Rcd1 Bf6 0-1

[Event "CRI-ch 68th"]
[Site "San Jose"]
[Date "2004.05.18"]
[Round "1"]
[White "Espinoza Guerrero, Warner"]
[Black "Alfaro Murillo, Carlos Andres"]
[Result "1-0"]
[WhiteElo "2000"]
[BlackElo "2062"]
[PlyCount "81"]
[EventDate "2004.05.18"]
[EventType "swiss"]
[EventRounds "9"]
[EventCountry "CRI"]
[SourceTitle "EXT 2008"]
[Source "ChessBase"]
[SourceDate "2007.11.25"]
[SourceVersion "1"]
[SourceVersionDate "2007.11.25"]
[SourceQuality "1"]

1. d4 Nf6 2. c4 e5 3. e3 Bb4+ 4. Bd2 Bxd2+ 5. Nxd2 exd4 6. exd4 0-0 7. Ngf3 d5 8. Be2 dxc4 9. Nxc4 Nc6 10. 0-0 Be6 11. a3 Nd5 12. Re1 Nf4 13. Bf1 Qf6 14. Nce5 Bd5 15. Nd7 Qf5 16. Nxf8 Nh3+ 17. gxh3 Bxf3 18. Qd2 Rxf8 19. Bd3 Qxh3 20. Qg5 Nxd4 21. Qg3 Qd7 22. Re3 Bd5 23. Bxh7+ Kxh7 24. Qh4+ Kg8 25. Qxd4 f5 26. Qf4 Be4 27. f3 Bd5 28. Rae1 Qc6 29. Kg2 Qf6 30. Re5 g5 31. Qg3 Bc6 32. h3 Rd8 33. Kh2 Rd3 34. Re6 Qxb2+ 35. R1e2 Qg7 36. Re7 Qf6 37. Qxc7 Qd6+ 38. Qxd6 Rxd6 39. Rc7 Rd3 40. Ree7 Rxf3 41. Rc8+ 1-0